Luật dân sự 2 : Tài liệu hướng dẫn học tập
Giới thiệu khái quát về nghĩa vụ, lưu thông nghĩa vụ và chấm dứt nghĩa vụ.
সংরক্ষণ করুন:
| প্রধান লেখক: | |
|---|---|
| বিন্যাস: | গ্রন্থ |
| ভাষা: | Undetermined |
| প্রকাশিত: |
Cần Thơ
Nxb. Đại học Cần Thơ
2011
|
| বিষয়গুলি: | |
| ট্যাগগুলো: |
ট্যাগ যুক্ত করুন
কোনো ট্যাগ নেই, প্রথমজন হিসাবে ট্যাগ করুন!
|
| Thư viện lưu trữ: | Trung tâm Học liệu Trường Đại học Cần Thơ |
|---|
| LEADER | 00809nam a2200229Ia 4500 | ||
|---|---|---|---|
| 001 | CTU_229804 | ||
| 008 | 210402s9999 xx 000 0 und d | ||
| 082 | |a 346.597 | ||
| 082 | |b T527 | ||
| 100 | |a Nguyễn, Thị Ngọc Tuyền | ||
| 245 | 0 | |a Luật dân sự 2 : | |
| 245 | 0 | |b Tài liệu hướng dẫn học tập | |
| 245 | 0 | |c Nguyễn Thị Ngọc Tuyền (Biên soạn) | |
| 260 | |a Cần Thơ | ||
| 260 | |b Nxb. Đại học Cần Thơ | ||
| 260 | |c 2011 | ||
| 520 | |a Giới thiệu khái quát về nghĩa vụ, lưu thông nghĩa vụ và chấm dứt nghĩa vụ. | ||
| 650 | |a Luật dân sự,Civil law | ||
| 650 | |x Vietnam | ||
| 650 | |z Việt Nam | ||
| 910 | |b nthai | ||
| 980 | |a Trung tâm Học liệu Trường Đại học Cần Thơ | ||